| 000 | 00742nam a22002417a 4500 | ||
|---|---|---|---|
| 003 | UA-OsUOA | ||
| 001 | 50614 | ||
| 007 | ta | ||
| 008 | 20140624b un ||||| |||| 00| 0 ukr d | ||
| 100 | _aГриценко А.П. | ||
| 090 |
_a94(477).06 _bГ85 |
||
| 942 | _cBK | ||
| 040 |
_aUA-OsUOA _bukr _cUA-OsUOA _dUA-OsUOA |
||
| 245 | _aПолітичні сили в боротьбі за владу в Україні рік 1920-й. | ||
| 300 | _a94 с. | ||
| 955 | _a4 | ||
| 041 | _aukr | ||
| 080 | _a94(477).06 | ||
| 260 |
_aК. _c1997 |
||
| 650 | 7 |
_a9 Географія. Біографії. Історія _2UDC |
|
| 999 |
_c430732 _d430732 |
||